[Event "Morbihan 2012"]
[Site "?"]
[Date "2011.12.03"]
[Round "3.7"]
[White "Reymond, Stéphane"]
[Black "Lagès, Michel"]
[Result "0-1"]
[WhiteElo "1560"]
[BlackElo "1943"]
[PlyCount "74"]
[EventDate "2011.??.??"]

1. e4 c5 2. c3 d5 3. exd5 Qxd5 4. d4 e6 5. Nf3 Nc6 6. Be3 cxd4 7. cxd4 Nf6 8.
Nc3 Qd6 9. h3 Be7 10. Be2 O-O 11. O-O b6 12. Qc2 Nb4 13. Qd2 Bb7 14. Rfd1 Nbd5
15. Nxd5 Nxd5 16. Bg5 Bxg5 17. Nxg5 Qf4 18. Bf3 Qxd2 19. Rxd2 Rac8 20. Ne4 Rfd8
21. Rad1 Rc7 22. Rd3 Kf8 23. a3 Ba6 24. R3d2 h6 25. Be2 Bxe2 26. Rxe2 Ke7 27.
Ree1 Rdc8 28. Kf1 Rc2 29. Re2 Rxe2 30. Kxe2 f5 31. Ng3 Rc2+ 32. Rd2 Nf4+ 33.
Kd1 Rxd2+ 34. Kxd2 Nxg2 35. Kc3 Nf4 36. h4 Kd6 37. Kd2 Kd5 0-1

[Event "Morbihan 2012"]
[Site "?"]
[Date "2011.12.03"]
[Round "3.8"]
[White "Le Gal, Loïc"]
[Black "Landais, Romain"]
[Result "0-1"]
[WhiteElo "1510"]
[BlackElo "1883"]
[PlyCount "74"]
[EventDate "2011.??.??"]

1. c4 e5 2. g3 Bc5 3. e3 Nc6 4. a3 a5 5. Bg2 Nf6 6. Ne2 h5 7. d4 Ba7 8. h4 Ng4
9. Nbc3 d6 10. Qa4 Bd7 11. Qb3 O-O 12. Ne4 a4 13. Qd3 f5 14. Ng5 e4 15. Nf4 Nf6
16. Qc3 Bb6 17. O-O Ba5 18. Qc2 Qe8 19. b3 Nh7 20. Nxe4 fxe4 21. Bxe4 Nf6 22.
Bg6 Qc8 23. Bb2 Ne7 24. e4 axb3 25. Qxb3 Nxg6 26. Nxg6 Rf7 27. c5 Be6 28. d5
Bh3 29. Rfc1 Nxe4 30. Rc2 Qf5 31. Nf4 Nxc5 32. Rxc5 dxc5 33. Qxb7 Qc8 34. Qb3
Rb8 35. Qc2 Rxf4 36. Qg6 Rxb2 37. Re1 Bxe1 0-1

[Event "Morbihan 2012"]
[Site "?"]
[Date "2011.12.03"]
[Round "3.9"]
[White "Pascot, Jean"]
[Black "Maréchal, Daniel"]
[Result "1-0"]
[WhiteElo "1876"]
[BlackElo "1500"]
[PlyCount "97"]
[EventDate "2011.??.??"]

1. e4 c5 2. c3 Nf6 3. e5 Nd5 4. d4 cxd4 5. Bc4 Nb6 6. Bb3 e6 7. Nf3 Be7 8. O-O
O-O 9. cxd4 d6 10. Nc3 dxe5 11. dxe5 Qxd1 12. Rxd1 Nc6 13. Nb5 Rd8 14. Bf4 Bd7
15. Nd6 Na5 16. Bc2 Bc6 17. Ng5 Bxg5 18. Bxg5 Rd7 19. b3 Bd5 20. Rd4 Nc6 21.
Rh4 Nxe5 22. Bxh7+ Kf8 23. Bc2 Kg8 24. f4 Rxd6 25. Be7 f5 26. Bxd6 Ng4 27. Rh3
Rc8 28. Bd1 Rc6 29. Ba3 Be4 30. Rg3 Nf6 31. Rc1 Rxc1 32. Bxc1 Nbd5 33. Be2 Kf7
34. h4 Nb4 35. a3 Nc2 36. Bb2 g6 37. Rc3 Nd5 38. Rc8 Nce3 39. g3 Ne7 40. Rh8
N3d5 41. h5 Nf6 42. h6 Neg8 43. Rxg8 Kxg8 44. Bxf6 Kh7 45. Bg7 a6 46. Bc4 Bd5
47. Bxd5 exd5 48. Kf2 b5 49. Ke3 1-0

[Event "Morbihan 2012"]
[Site "?"]
[Date "2011.12.03"]
[Round "3.10"]
[White "Biderbost, Marc"]
[Black "Cozic, Daniel"]
[Result "0-1"]
[WhiteElo "1499"]
[BlackElo "1826"]
[PlyCount "84"]
[EventDate "2011.??.??"]

1. d4 Nf6 2. Nf3 d5 3. Bf4 Nc6 4. e3 Bg4 5. Nbd2 e6 6. h3 Bf5 7. Ne5 Nb4 8. Bd3
Nxd3+ 9. Nxd3 Be7 10. O-O O-O 11. Nf3 Ne4 12. a3 b6 13. Nd2 c5 14. c3 Nxc3 15.
bxc3 Bxd3 16. Re1 c4 17. e4 f5 18. exf5 Bxf5 19. Nf3 Be4 20. Be5 Qe8 21. Nd2
Bf5 22. g4 Bd3 23. Re3 Bh4 24. Nf3 Qf7 25. Ra2 Be7 26. Ne1 Be4 27. a4 Bh4 28.
Ree2 Bf3 29. Nxf3 Qxf3 30. Bg3 Bxg3 31. fxg3 Qxg3+ 32. Rg2 Qxc3 33. Qe2 Qxd4+
34. Kh2 Qf4+ 35. Kg1 e5 36. Rf2 Qxf2+ 37. Qxf2 Rxf2 38. Rxf2 c3 39. Kf1 Rf8 40.
Rxf8+ Kxf8 41. Ke2 Ke7 42. Kd3 d4 0-1

[Event "Morbihan 2012"]
[Site "?"]
[Date "2011.12.03"]
[Round "3.11"]
[White "Gautier, Marc"]
[Black "Pouliquen, Alain"]
[Result "1/2-1/2"]
[WhiteElo "1499"]
[BlackElo "1727"]
[PlyCount "85"]
[EventDate "2011.??.??"]

1. e4 e5 2. Nf3 d6 3. Bc4 Bg4 4. Nc3 Nc6 5. Be2 Nf6 6. d3 Be7 7. h3 Bxf3 8.
Bxf3 Nd4 9. Nd5 Nxf3+ 10. Qxf3 Nxd5 11. exd5 O-O 12. O-O f5 13. Bd2 Qd7 14.
Rae1 Rae8 15. Qh5 f4 16. Re4 Rf5 17. Qg4 Ref8 18. Kh2 Qe8 19. d4 Qf7 20. dxe5
Qxd5 21. Rxf4 Rxf4 22. Bxf4 dxe5 23. Rd1 Qc4 24. Bxe5 Qxg4 25. hxg4 Rxf2 26.
Bxc7 Rxc2 27. Be5 Re2 28. Bc3 Bf6 29. Bxf6 gxf6 30. Rd8+ Kf7 31. Rd7+ Re7 32.
Rxe7+ Kxe7 33. Kg3 Ke6 34. Kf4 h6 35. g3 b6 36. b3 b5 37. b4 Kf7 38. Kf3 Kg7
39. Ke4 Kg6 40. Kf4 Kf7 41. Kf5 Kg7 42. Ke4 Kg6 43. Kf4 1/2-1/2

[Event "Morbihan 2012"]
[Site "?"]
[Date "2011.12.03"]
[Round "3.12"]
[White "Gautier, Paul"]
[Black "Georget, Patrice"]
[Result "0-1"]
[WhiteElo "1499"]
[BlackElo "1713"]
[PlyCount "58"]
[EventDate "2011.??.??"]

1. e4 c5 2. Nf3 d6 3. d4 cxd4 4. Nxd4 Nf6 5. Nc3 a6 6. Bc4 e5 7. Nf3 Be7 8. Bg5
O-O 9. Qd2 b5 10. Bd5 Nxd5 11. Bxe7 Nxe7 12. O-O-O Ra7 13. Nxe5 h6 14. Nf3 Be6
15. a3 Rd7 16. Rhg1 Nbc6 17. g4 Ne5 18. Nxe5 dxe5 19. Qe3 Ng6 20. f3 Nf4 21.
Rde1 Qg5 22. Kb1 Rfd8 23. Rh1 Qh4 24. Qb6 Rd6 25. Qc7 R8d7 26. Qb8+ Qd8 27.
Qxd8+ Rxd8 28. b4 Bc4 29. Re3 Rd2 0-1

[Event "Morbihan 2012"]
[Site "?"]
[Date "2011.12.03"]
[Round "3.13"]
[White "Thébaut, Hervé"]
[Black "Trélohan, Henri"]
[Result "1/2-1/2"]
[WhiteElo "1490"]
[BlackElo "1676"]
[PlyCount "77"]
[EventDate "2011.??.??"]

1. d4 d5 2. c4 Nf6 3. Nc3 Bf5 4. Bf4 e6 5. c5 Be7 6. Nf3 Nc6 7. e3 O-O 8. a3
Ne4 9. Nxe4 Bxe4 10. b4 a6 11. Bd3 Bxd3 12. Qxd3 Re8 13. O-O Bf6 14. Ra2 e5 15.
dxe5 Nxe5 16. Bxe5 Bxe5 17. Rd2 c6 18. Rfd1 Qf6 19. Nxe5 Rxe5 20. Qd4 Rae8 21.
h3 R8e6 22. Re2 Qe7 23. Rde1 Re4 24. Qd3 Qc7 25. f3 R4e5 26. Qd4 Qe7 27. e4 f5
28. Re3 fxe4 29. fxe4 Rxe4 30. Rxe4 dxe4 31. Re3 Kf7 32. Qc4 Kf6 33. Qf1+ Ke5
34. Qa1+ Kf4 35. Qe1 Kf5 36. Qf2+ Ke5 37. Qb2+ Kf5 38. Qf2+ Ke5 39. Qb2+
1/2-1/2

[Event "Morbihan 2012"]
[Site "?"]
[Date "2011.12.03"]
[Round "3.14"]
[White "Malry, Celia"]
[Black "Le Lostec, Michaël"]
[Result "1-0"]
[WhiteElo "1480"]
[BlackElo "1630"]
[PlyCount "135"]
[EventDate "2011.??.??"]

1. e4 e5 2. Nc3 c6 3. Bc4 Be7 4. Nf3 d6 5. O-O Nf6 6. h3 O-O 7. Bb3 Be6 8. Bxe6
fxe6 9. Qe2 Nfd7 10. d4 Bf6 11. Be3 d5 12. b4 Qe7 13. a3 Na6 14. Qd3 Nc7 15.
Ne2 Nb5 16. c4 Nc7 17. Nc3 exd4 18. Nxd4 Ne5 19. Qe2 Nxc4 20. Na4 Nxe3 21. Qxe3
Bxd4 22. Qxd4 e5 23. Qc5 Qxc5 24. Nxc5 b6 25. Nd3 Rfe8 26. Rfe1 d4 27. Rec1 Re6
28. a4 Rc8 29. Rc4 Ne8 30. f3 Nf6 31. a5 b5 32. Rc5 Nd7 33. Rc2 Kf7 34. Kf2 Ke7
35. Re1 Kd6 36. Rec1 Rc7 37. g3 Re8 38. Nc5 Nxc5 39. Rxc5 Re6 40. Ke2 Kd7 41.
Kd3 Rg6 42. g4 Re6 43. Rf1 Kd6 44. f4 exf4 45. Rxf4 Rd7 46. Kxd4 Ke7+ 47. Ke3
Rd1 48. e5 Rb1 49. h4 Re1+ 50. Kd4 Rb1 51. Ke3 Rb3+ 52. Kd2 Rh3 53. g5 Rg3 54.
Re4 Rf3 55. Rc3 Rf5 56. Rc5 h6 57. gxh6 gxh6 58. Kd3 Kd7 59. Rd4+ Kc7 60. Rd6
Rfxe5 61. Rcxc6+ Kb7 62. Rxe6 Rd5+ 63. Kc3 Rf5 64. Rcd6 Kc7 65. Rxh6 Rf1 66.
Rdf6 Rc1+ 67. Kd2 Rc4 68. Rf7+ 1-0

[Event "Morbihan 2012"]
[Site "?"]
[Date "2011.12.03"]
[Round "3.15"]
[White "Potier, Pierre"]
[Black "Cheneau, Lionel"]
[Result "1-0"]
[WhiteElo "1630"]
[BlackElo "1400"]
[PlyCount "51"]
[EventDate "2011.??.??"]

1. e4 e5 2. Nf3 d6 3. Nc3 Be6 4. d4 exd4 5. Nxd4 Nd7 6. Be3 Nc5 7. Qf3 Nf6 8.
h3 c6 9. Be2 Qa5 10. O-O Qc7 11. b4 Ncd7 12. Qg3 Ne5 13. f4 Ned7 14. f5 c5 15.
fxe6 cxd4 16. exd7+ Nxd7 17. Bxd4 f6 18. Rac1 a6 19. Nd5 Qc6 20. c4 Qc8 21. Bg4
Qb8 22. Bxd7+ Kd8 23. Bb6+ Kxd7 24. Qg4+ Ke8 25. Qe6+ Be7 26. Qxe7# 1-0

[Event "Morbihan 2012"]
[Site "?"]
[Date "2011.12.03"]
[Round "3.17"]
[White "Georget, Aymeric"]
[Black "Le Coz, Yannick"]
[Result "0-1"]
[WhiteElo "1470"]
[BlackElo "1663"]
[PlyCount "128"]
[EventDate "2011.??.??"]

1. c4 c5 2. Nc3 Nf6 3. Nf3 e6 4. e3 d5 5. d4 Nc6 6. Be2 cxd4 7. exd4 Bb4 8. O-O
O-O 9. Bg5 h6 10. Bh4 g5 11. Bg3 Bxc3 12. bxc3 Ne4 13. Qc2 f5 14. Be5 g4 15.
Nd2 Nxe5 16. dxe5 Qc7 17. Nxe4 dxe4 18. Qd2 Kg7 19. Qf4 Kh7 20. Rab1 b6 21.
Bxg4 Qg7 22. Bh3 Ba6 23. Rfe1 Bxc4 24. a3 Bd5 25. g3 Rac8 26. Rec1 Qg5 27. Rb4
Qxf4 28. gxf4 Rg8+ 29. Kf1 Bc4+ 30. Ke1 Rg1+ 31. Kd2 Rd8+ 32. Kc2 Bd3+ 33. Kb2
Rxc1 34. Kxc1 Be2 35. Rd4 Rxd4 36. cxd4 Bc4 37. Kd2 Kg6 38. Ke3 Kh5 39. Bg2 Kg4
40. f3+ exf3 41. Bxf3+ Kh3 42. d5 exd5 43. Kd4 Kxh2 44. Bxd5 Bb5 45. Bf7 Kg3
46. Ke3 Kg4 47. e6 Bc4 48. Bg8 h5 49. e7 Bb5 50. Bc4 Be8 51. Be2+ Kg3 52. Bd3
h4 53. Bxf5 h3 54. Be4 h2 55. f5 Bf7 56. Kd4 Kf4 57. f6 Kg5 58. Ke5 b5 59. Kd6
Kxf6 60. Kd7 a5 61. Kc6 b4 62. axb4 axb4 63. Kb5 b3 64. Kb4 b2 0-1

[Event "Morbihan 2012"]
[Site "?"]
[Date "2011.11.30"]
[Round "3.16"]
[White "Josse, Emmanuelle"]
[Black "Sellin, Alain"]
[Result "0-1"]
[WhiteElo "1439"]
[BlackElo "1590"]
[PlyCount "68"]
[EventDate "2011.??.??"]

1. d4 d5 2. Nf3 Nf6 3. Bg5 Ne4 4. e3 Bg4 5. Bf4 e6 6. Bg3 Bb4+ 7. c3 Nxg3 8.
fxg3 Bd6 9. Be2 O-O 10. O-O c5 11. h3 Bxf3 12. Rxf3 cxd4 13. exd4 Nc6 14. Qc2
e5 15. dxe5 Nxe5 16. Re3 Bc5 17. Qd2 Bxe3+ 18. Qxe3 Re8 19. Qf4 Ng6 20. Qg4
Qb6+ 21. Qd4 Qxb2 22. Bf3 Qxa1 23. Bxd5 Qxb1+ 24. Kh2 Rf8 25. h4 Qf5 26. h5
Qxh5+ 27. Kg1 Rad8 28. Bxf7+ Rxf7 29. Qxd8+ Nf8 30. c4 Rd7 31. Qc8 b6 32. Kf2
Qc5+ 33. Qxc5 bxc5 34. Ke3 Rd4 0-1

[Event "Morbihan 2012"]
[Site "?"]
[Date "2011.12.03"]
[Round "3.20"]
[White "Le Moine, Norbert"]
[Black "Andal, Thomas"]
[Result "0-1"]
[WhiteElo "1499"]
[BlackElo "1199"]
[PlyCount "40"]
[EventDate "2011.??.??"]

1. e4 e5 2. f4 exf4 3. Nf3 Nf6 4. Nc3 Bb4 5. d4 Bxc3+ 6. bxc3 Nxe4 7. Bxf4 Nxc3
8. Qd3 Qf6 9. Be5 Qc6 10. Kd2 Ne4+ 11. Ke1 O-O 12. Be2 d5 13. h4 Bf5 14. Qe3 f6
15. Bg3 Nxg3 16. Rh3 Re8 17. Ne5 fxe5 18. Qxg3 Bxh3 19. gxh3 exd4 20. Qd3 Qc3+
0-1

[Event "Morbihan 2012"]
[Site "?"]
[Date "2011.12.03"]
[Round "3.22"]
[White "Cheneau, Alain"]
[Black "Cozic, Matthias"]
[Result "0-1"]
[WhiteElo "1040"]
[BlackElo "1490"]
[PlyCount "126"]
[EventDate "2011.??.??"]

1. e4 e5 2. Nf3 Nc6 3. Bc4 Bc5 4. O-O Nf6 5. Nc3 d6 6. d3 h6 7. h3 Be6 8. Bxe6
fxe6 9. Na4 Bb6 10. Nxb6 axb6 11. Bd2 d5 12. exd5 exd5 13. Bc3 d4 14. Bd2 O-O
15. c3 Re8 16. Re1 Qd5 17. Qb3 Qxb3 18. axb3 Rxa1 19. Rxa1 dxc3 20. Bxc3 Nd5
21. Bd2 Nd4 22. Nxd4 exd4 23. b4 c5 24. b5 Nc7 25. Ra3 Nxb5 26. Rb3 Na7 27.
Rxb6 Re7 28. Rb3 b5 29. Ra3 c4 30. Ra1 cxd3 31. Bb4 Re2 32. Rxa7 Rxb2 33. Ra1
Rxb4 34. Kf1 Rb2 35. Ke1 b4 36. Kd1 b3 37. Kc1 Rc2+ 38. Kd1 Rxf2 39. Ke1 Rxg2
40. Kf1 Rc2 41. Ke1 Ra2 42. Rb1 b2 43. Kd2 Ra3 44. Rxb2 Rc3 45. Kd1 Kf7 46. Rb4
Ke6 47. Rxd4 Ke5 48. Ra4 d2 49. Kxd2 Rxh3 50. Ra5+ Kf4 51. Ra4+ Kf3 52. Ra3+
Kg2 53. Ra4 h5 54. Ra5 h4 55. Rg5+ Rg3 56. Re5 g5 57. Re2+ Kh3 58. Rf2 Rg2 59.
Ke2 Kg3 60. Kf1 Rxf2+ 61. Kg1 Ra2 62. Kf1 h3 63. Kg1 Ra1# 0-1

[Event "Morbihan 2012"]
[Site "?"]
[Date "2012.01.21"]
[Round "4.1"]
[White "Le Corre, Patrick"]
[Black "Duplessy, Franck"]
[Result "0-1"]
[WhiteElo "1932"]
[BlackElo "2077"]
[PlyCount "78"]
[EventDate "2012.??.??"]

1. d4 Nf6 2. c4 e6 3. g3 Bb4+ 4. Bd2 Be7 5. Bg2 d5 6. e3 O-O 7. Nc3 Re8 8. Nge2
c6 9. b3 b6 10. O-O Ba6 11. cxd5 exd5 12. Re1 Nbd7 13. Nf4 Rc8 14. Qf3 Bb4 15.
a3 Bxc3 16. Bxc3 Ne4 17. Rac1 Ndf6 18. b4 Nd6 19. Qd1 Rc7 20. Nd3 Nfe4 21. Ba1
Nc4 22. a4 Qf6 23. f3 Ned6 24. e4 dxe4 25. fxe4 Qg5 26. Rc2 Ne3 27. Qd2 Bxd3
28. Rc3 Bxe4 29. Rcxe3 Rce7 30. Qe2 f5 31. Bc3 b5 32. axb5 cxb5 33. Bxe4 fxe4
34. Qa2+ Nc4 35. R3e2 e3 36. Qc2 Qd5 37. Ra1 Rf7 38. Qd1 Ref8 39. Qc2 Rf2 0-1

[Event "Morbihan 2012"]
[Site "?"]
[Date "2012.01.21"]
[Round "4.2"]
[White "Annetti, Laurent"]
[Black "Le Corre, Yves"]
[Result "0-1"]
[WhiteElo "1847"]
[BlackElo "1830"]
[PlyCount "80"]
[EventDate "2012.??.??"]

1. d4 Nf6 2. Nf3 d5 3. e3 Bf5 4. c4 c6 5. cxd5 cxd5 6. Nc3 e6 7. Ne5 Be7 8. g4
Bg6 9. h4 h5 10. Nxg6 fxg6 11. Bd3 hxg4 12. Bxg6+ Kf8 13. Qb3 Qd7 14. Bd2 Nc6
15. O-O-O Rc8 16. Kb1 Bd6 17. f4 Ne7 18. Bd3 Rh5 19. e4 dxe4 20. Nxe4 Nxe4 21.
Bxe4 Rb5 22. Qg3 Nf5 23. Qd3 Be7 24. d5 Bf6 25. Bc1 Nd4 26. dxe6 Qxe6 27. Rhe1
Qb6 28. Bg6 a5 29. Qe4 Qc6 30. Qxc6 Nxc6 31. Rd7 Ne7 32. Be4 Nc6 33. Bg6 Nd4
34. b3 a4 35. Bh7 axb3 36. Ba3+ Rbc5 37. Bxc5+ Rxc5 38. axb3 Nxb3 39. Bg6 Rc8
40. Rxb7 Nd2+ 0-1

[Event "Morbihan 2012"]
[Site "?"]
[Date "2012.01.21"]
[Round "4.4"]
[White "Caderon, Michel"]
[Black "Jolivel, Dominique"]
[Result "1/2-1/2"]
[WhiteElo "2035"]
[BlackElo "1904"]
[PlyCount "91"]
[EventDate "2012.??.??"]

1. e4 d5 2. exd5 Qxd5 3. Nc3 Qa5 4. d4 Nf6 5. Nf3 Bg4 6. h3 Bh5 7. g4 Bg6 8.
Ne5 Nbd7 9. Nc4 Qa6 10. Bf4 Qe6+ 11. Ne3 O-O-O 12. Bg2 Qa6 13. Qf3 e6 14. a3
Be7 15. O-O-O c6 16. Bf1 b5 17. Bxb5 cxb5 18. Qa8+ Nb8 19. Qxb8+ Kd7 20. Qxb5+
Qxb5 21. Nxb5 Kc6 22. Nc3 Rd7 23. Nc4 Kb7 24. Ne5 Rdd8 25. f3 Rc8 26. Nxg6 hxg6
27. Kb1 Bxa3 28. Nb5 Bf8 29. Nd6+ Bxd6 30. Bxd6 Nd5 31. Rd3 Kc6 32. Bg3 g5 33.
c4 Ne7 34. h4 Kd7 35. b3 gxh4 36. Rxh4 Rxh4 37. Bxh4 Ng6 38. Bg3 Rh8 39. Kc2
Rh3 40. f4 Ne7 41. b4 g6 42. Kc3 f5 43. g5 Nc8 44. b5 Nd6 45. Be1 Rh1 46. Bd2
1/2-1/2

[Event "Morbihan 2012"]
[Site "?"]
[Date "2012.01.21"]
[Round "4.5"]
[White "Hocher, Eugène"]
[Black "Lagès, Michel"]
[Result "1-0"]
[WhiteElo "1755"]
[BlackElo "1931"]
[PlyCount "125"]
[EventDate "2012.??.??"]

1. d4 e6 2. Nf3 d5 3. Bf4 Nf6 4. e3 Bd6 5. Bg3 O-O 6. Bd3 Re8 7. Nbd2 Nc6 8.
Ne5 Bxe5 9. dxe5 Nd7 10. Nf3 f6 11. c3 Ncxe5 12. Bc2 Nxf3+ 13. Qxf3 Nf8 14. h4
e5 15. O-O-O Be6 16. h5 Qd7 17. Qe2 Qf7 18. Rh4 d4 19. cxd4 exd4 20. Rhxd4 Bxa2
21. Qd3 c5 22. Rd6 c4 23. Qf5 Bb3 24. h6 Bxc2 25. Qxc2 g6 26. Bh4 g5 27. Bg3
Rac8 28. Qc3 Re6 29. e4 Qe7 30. e5 Rxd6 31. Rxd6 fxe5 32. Bxe5 Re8 33. Qxc4+
Qf7 34. Qxf7+ Kxf7 35. Rf6+ Kg8 36. Rf5 Ng6 37. Bc3 g4 38. Rd5 Kf7 39. Rf5+ Kg8
40. g3 Rf8 41. Rc5 Rxf2 42. Rc8+ Rf8 43. Rc4 Rf5 44. Bg7 b5 45. Rxg4 a5 46. Rd4
Kf7 47. Rd7+ Ke6 48. Rc7 Kd6 49. Ra7 b4 50. Ra6+ Kc7 51. Rxg6 a4 52. Rf6 Rc5+
53. Kd2 b3 54. Rf7+ Kc6 55. Rf6+ Kb5 56. g4 Rc4 57. Rf5+ Kc6 58. g5 Rg4 59. Kc1
Rg1+ 60. Kd2 Rg2+ 61. Kc3 Rg3+ 62. Kb4 Rg4+ 63. Ka3 1-0

[Event "Morbihan 2012"]
[Site "?"]
[Date "2012.01.21"]
[Round "4.6"]
[White "Landais, Romain"]
[Black "Georget, Patrice"]
[Result "1-0"]
[WhiteElo "1898"]
[BlackElo "1713"]
[PlyCount "51"]
[EventDate "2012.??.??"]

1. d4 Nf6 2. Nf3 d6 3. Nc3 g6 4. e4 Bg7 5. Be3 O-O 6. Bd3 Nbd7 7. Qd2 Ng4 8.
Bg5 h6 9. Bh4 c5 10. h3 Ngf6 11. O-O-O cxd4 12. Nxd4 Nc5 13. f4 Nxd3+ 14. Qxd3
Bd7 15. g4 Qa5 16. Nb3 Qd8 17. e5 Ne8 18. Nd5 f6 19. Qxg6 Rf7 20. Rhe1 Be6 21.
exd6 Bxd5 22. Rxd5 exd6 23. Nd4 Re7 24. Rxe7 Qxe7 25. Nf5 Qe4 26. Nxh6+ 1-0

[Event "Morbihan 2012"]
[Site "?"]
[Date "2012.01.21"]
[Round "4.7"]
[White "Sellin, Alain"]
[Black "Pascot, Jean"]
[Result "0-1"]
[WhiteElo "1620"]
[BlackElo "1876"]
[PlyCount "90"]
[EventDate "2012.??.??"]

1. e4 e5 2. Nf3 Nc6 3. Bb5 a6 4. Ba4 Nf6 5. O-O Be7 6. Re1 b5 7. Bb3 O-O 8. Nc3
d6 9. h3 Na5 10. d3 Nxb3 11. axb3 h6 12. Ne2 c5 13. c4 bxc4 14. bxc4 Bd7 15.
Ng3 Qb6 16. Nh4 Rfb8 17. Nhf5 Bf8 18. Qf3 Qd8 19. Nh5 Nxh5 20. Nxh6+ gxh6 21.
Qxh5 Qf6 22. Re3 Bg7 23. Rg3 Kh7 24. Bg5 Qg6 25. Qh4 f6 26. Be3 Qf7 27. Rf1 f5
28. f4 Bf6 29. Rg5 Rxb2 30. fxe5 dxe5 31. Rgxf5 Qg6 32. Qg4 Bxf5 33. Qxg6+ Kxg6
34. Rxf5 Rc8 35. Bxh6 a5 36. Be3 a4 37. Rf1 Rb3 38. Ra1 a3 39. Kf2 Rb2+ 40. Kf3
a2 41. Kg4 Rxg2+ 42. Kf3 Rc2 43. Kg4 Rb8 44. h4 Rb1 45. h5+ Kf7 0-1

[Event "Morbihan 2012"]
[Site "?"]
[Date "2012.01.21"]
[Round "4.8"]
[White "Nicolas, Stéphane"]
[Black "Potier, Pierre"]
[Result "0-1"]
[WhiteElo "1850"]
[BlackElo "1630"]
[PlyCount "96"]
[EventDate "2012.??.??"]

1. d4 d5 2. e4 dxe4 3. Nc3 Nf6 4. f3 exf3 5. Nxf3 Bg4 6. h3 Bxf3 7. Qxf3 c6 8.
Bd2 Nbd7 9. O-O-O e6 10. g4 Nd5 11. Bg2 N7b6 12. Rhf1 Qd7 13. h4 a5 14. Nxd5
cxd5 15. Rf2 Bb4 16. c3 Rc8 17. Rdf1 Rf8 18. g5 Rc7 19. Qh5 Qa4 20. Kb1 Nc4 21.
cxb4 Nxb2 22. Bc1 Nd3 23. Qe2 Qxb4+ 24. Bb2 Nxf2 25. Rxf2 a4 26. a3 Qb3 27. Rf3
Qb6 28. Re3 Qc6 29. Rc3 Qd6 30. Rxc7 Qxc7 31. Bxd5 Ke7 32. Bg2 Rc8 33. d5 Kf8
34. dxe6 Qe7 35. Qe4 g6 36. Qe5 Qxe6 37. Qg7+ Ke7 38. Qd4 b5 39. Qd3 Kf8 40.
Qxb5 Qf5+ 41. Qxf5 gxf5 42. h5 Ke7 43. Bf6+ Ke6 44. Bb7 Rb8 45. Kc2 Rxb7 46. h6
Rb3 47. Bb2 f4 48. Bc1 Ke5 0-1

[Event "Morbihan 2012"]
[Site "?"]
[Date "2012.01.21"]
[Round "4.10"]
[White "Rivalin, Patrick"]
[Black "Pouliquen, Alain"]
[Result "0-1"]
[WhiteElo "1566"]
[BlackElo "1727"]
[PlyCount "78"]
[EventDate "2012.??.??"]

1. c4 Nf6 2. Nc3 e6 3. g3 d5 4. cxd5 exd5 5. d4 c6 6. Bg2 Bd6 7. e3 O-O 8. Nge2
Be6 9. O-O Qd7 10. e4 dxe4 11. Bf4 Bf5 12. Bxd6 Qxd6 13. Nf4 Rd8 14. Bh3 Bxh3
15. Nxh3 Qxd4 16. Qb3 Qb6 17. Rad1 Nbd7 18. Qc2 Nc5 19. Ng5 Rxd1 20. Rxd1 Rd8
21. Rxd8+ Qxd8 22. Ncxe4 Ncxe4 23. Nxe4 Nxe4 24. Qxe4 Qd1+ 25. Kg2 Qd5 26. Kf3
Kf8 27. h4 f6 28. Ke3 Qxe4+ 29. Kxe4 Ke7 30. b4 Ke6 31. g4 g6 32. f4 f5+ 33.
Kf3 Kd5 34. gxf5 gxf5 35. Ke3 Kc4 36. a3 h5 37. a4 Kxb4 38. Kd4 c5+ 39. Ke5 c4
0-1

[Event "Morbihan 2012"]
[Site "?"]
[Date "2012.01.21"]
[Round "4.11"]
[White "Trélohan, Henri"]
[Black "Gautier, Marc"]
[Result "1/2-1/2"]
[WhiteElo "1676"]
[BlackElo "1499"]
[PlyCount "77"]
[EventDate "2012.??.??"]

1. c4 Nf6 2. Nc3 g6 3. g3 Bg7 4. Bg2 d6 5. Nf3 O-O 6. O-O e5 7. d3 Nc6 8. Bg5
h6 9. Bd2 Nd4 10. Nxd4 exd4 11. Ne4 c6 12. Qc1 Kh7 13. b3 Re8 14. Nxf6+ Qxf6
15. Re1 Bg4 16. f3 Bd7 17. Rb1 Re7 18. Rb2 Rae8 19. Qd1 h5 20. Bc1 c5 21. Rc2
Bc6 22. Bb2 Bxf3 23. Bxf3 Qxf3 24. exf3 Rxe1+ 25. Qxe1 Rxe1+ 26. Kf2 Re7 27. f4
Bh6 28. Re2 Rxe2+ 29. Kxe2 f5 30. Bc1 Kg7 31. Kf3 Kf6 32. Bd2 b6 33. b4 Ke6 34.
b5 d5 35. Ke2 dxc4 36. dxc4 Kf6 37. h4 Ke6 38. a4 Kd7 39. Kd3 1/2-1/2

[Event "Morbihan 2012"]
[Site "?"]
[Date "2012.01.21"]
[Round "4.12"]
[White "Le Lostec, Michaël"]
[Black "Thébaut, Hervé"]
[Result "1-0"]
[WhiteElo "1650"]
[BlackElo "1443"]
[PlyCount "57"]
[EventDate "2012.??.??"]

1. g3 d5 2. Bg2 e5 3. d3 Bd6 4. Nf3 Nd7 5. O-O Ngf6 6. c4 d4 7. Nbd2 O-O 8. a3
c5 9. Ng5 h6 10. Nge4 Rb8 11. Nxd6 Qc7 12. N2e4 Nxe4 13. Nxe4 Re8 14. f4 f5 15.
Nf2 Qd8 16. e3 Qf6 17. exd4 exd4 18. Re1 Re7 19. Rxe7 Qxe7 20. Bd2 Qf7 21. Bd5
Nf6 22. Bxf7+ Kxf7 23. Qe2 Bd7 24. Re1 Re8 25. Qd1 Rb8 26. Re2 Bc6 27. Qe1 Re8
28. Rxe8 Nxe8 29. Qe5 1-0

[Event "Morbihan 2012"]
[Site "?"]
[Date "2012.01.21"]
[Round "4.13"]
[White "Cheneau, Lionel"]
[Black "Le Gal, Loïc"]
[Result "1-0"]
[WhiteElo "1360"]
[BlackElo "1660"]
[PlyCount "146"]
[EventDate "2012.??.??"]

1. e4 d5 2. e5 Nc6 3. d4 f6 4. Nf3 Bg4 5. h3 Bh5 6. Be2 Qd7 7. Nc3 e6 8. a3
Nge7 9. Be3 Ng6 10. g4 fxe5 11. gxh5 Nf4 12. Bxf4 exf4 13. Qd2 Bd6 14. Nb5
O-O-O 15. Nxd6+ Qxd6 16. Ng5 Rdf8 17. O-O-O e5 18. Bg4+ Kb8 19. Ne6 Rf7 20. c3
e4 21. Ng5 Re7 22. f3 Na5 23. Kc2 Nc4 24. Qh2 Ne3+ 25. Kb1 Nxd1 26. Rxd1 h6 27.
Ne6 Rxe6 28. Bxe6 Qxe6 29. fxe4 Qxe4+ 30. Ka1 f3 31. Rf1 Rf8 32. Qg3 Rf7 33.
Re1 Qe2 34. Rxe2 fxe2 35. Ka2 Rf1 36. Qxg7 c6 37. Qg3+ Kc8 38. Qg4+ Kc7 39.
Qxe2 Rh1 40. Qe5+ Kb6 41. Qf5 a5 42. a4 Re1 43. Qf6 Re4 44. Qd8+ Ka6 45. Qh8 b5
46. axb5+ Kxb5 47. Qxh6 a4 48. Qf8 Kc4 49. Qb4+ Kd3 50. Qxa4 c5 51. Qb5+ Kc2
52. Qxc5 Re8 53. Qc6 Rg8 54. Ka3 Rb8 55. Qg6+ Kd1 56. Qd3+ Kc1 57. Qe3+ Kc2 58.
Qf2+ Kd1 59. b4 Ra8+ 60. Kb3 Rh8 61. Qf3+ Kc1 62. Qxd5 Re8 63. b5 Re2 64. Kc4
Kc2 65. b6 Re3 66. Qf5+ Kd2 67. Qf2+ Re2 68. Qxe2+ Kc1 69. b7 Kb1 70. b8=Q+ Ka1
71. Qe1+ Ka2 72. Qbb1+ Ka3 73. Qec1+ Ka4 1-0

[Event "Morbihan 2012"]
[Site "?"]
[Date "2012.01.21"]
[Round "4.14"]
[White "Le Coz, Yannick"]
[Black "Gautier, Paul"]
[Result "1-0"]
[WhiteElo "1663"]
[BlackElo "1499"]
[PlyCount "91"]
[EventDate "2012.??.??"]

1. e4 e5 2. f4 exf4 3. Bc4 Bc5 4. d4 Qh4+ 5. Kf1 Bb6 6. Nf3 Qe7 7. Ne5 Nh6 8.
Bxf4 d6 9. Bxh6 dxe5 10. Bxg7 Bxd4 11. Bxh8 Bxb2 12. Nd2 Bxa1 13. Qxa1 Nc6 14.
Qc3 Bg4 15. Bb5 O-O-O 16. Bxc6 Rxh8 17. Bd5 Rd8 18. h3 Bd7 19. Nc4 Bb5 20. Ke1
Rxd5 21. exd5 Qh4+ 22. Kd2 Qxc4 23. Qxe5 Qb4+ 24. Qc3 Qxc3+ 25. Kxc3 Kd7 26.
Kd4 b6 27. c4 Ba4 28. Rf1 Ke7 29. a3 Bc2 30. g4 a6 31. g5 b5 32. c5 Bb3 33. Rf6
Bc4 34. Rxa6 Bf1 35. h4 b4 36. Ra7 bxa3 37. Rxc7+ Kd8 38. Ra7 Bh3 39. Rxa3 Bf5
40. Ra7 h5 41. Rxf7 Bd7 42. c6 Bg4 43. g6 Ke8 44. c7 Be6 45. Ke5 Bg4 46. Rh7
1-0

[Event "Morbihan 2012"]
[Site "?"]
[Date "2012.01.21"]
[Round "4.15"]
[White "Cozic, Matthias"]
[Black "Reymond, Stéphane"]
[Result "1-0"]
[WhiteElo "1460"]
[BlackElo "1560"]
[PlyCount "57"]
[EventDate "2012.??.??"]

1. e4 e5 2. Nf3 Nc6 3. Bc4 Nf6 4. Nc3 Nxe4 5. Nxe4 d5 6. Bxd5 Qxd5 7. d3 Bg4 8.
h3 Bh5 9. Bh6 gxh6 10. Nf6+ Kd8 11. Nxd5 Bd6 12. Qd2 Rg8 13. Qxh6 Bg6 14. Qg5+
Kd7 15. Nf6+ Ke6 16. Nxg8 Rxg8 17. O-O-O f5 18. Qe3 Kd7 19. Rhe1 Re8 20. g3 Kc8
21. Qg5 Be7 22. Qd2 Kb8 23. Kb1 Bb4 24. c3 Bd6 25. Nh4 Bh5 26. Rc1 Rf8 27. Qh6
Be8 28. f4 exf4 29. Qxf8 1-0